SURVEY of plywood mills in Peninsular Malaysia, 1976

Bibliographic Details
Corporate Author: Institut Penyelidikan Perhutanan Malaysia (FRIM)
Format: Book
Published: Kuala Lumpur : Forestry Department Peninsular Malaysia , 1980
Series:Research pamphlet ; no. 76
Subjects:

MARC

LEADER 00000cam a2200000 7i4500
001 0000002996
005 20040331.0
090 0 0 |a RP 674.834   |b SUR 1980 
245 0 0 |a SURVEY of plywood mills in Peninsular Malaysia, 1976 
260 0 0 |a Kuala Lumpur :   |b Forestry Department Peninsular Malaysia ,   |c 1980 
300 |a iv, 30 p. ;   |c 30 cm. 
440 0 0 |a Research pamphlet ; no. 76 
650 0 0 |a Plywood industry   |z Peninsular Malaysia 
710 1 1 |a Institut Penyelidikan Perhutanan Malaysia (FRIM) 
998 |a JPSM 
999 |a 0000005335   |b Monograph   |c Open Shelf   |e Default branch 
999 |a 0000005336   |b Monograph   |c Open Shelf   |e Default branch 
999 |a 0000005337   |b Monograph   |c Open Shelf   |e Default branch